书目信息 |
| 题名: |
国家救援
|
|
| 作者: | 李海洋 , 李存葆 主编 | |
| 分册: | ||
| 出版信息: | 北京 现代出版社 2016 |
|
| 页数: | 357页 | |
| 开本: | 23cm | |
| 丛书名: | ||
| 单 册: | ||
| 中图分类: | I253 , X4 | |
| 科图分类: | ||
| 主题词: | 报告文学--bao gao wen xue--作品集--中国--当代 , 突发事件--tu fa shi jian--救援--中国 | |
| 电子资源: | ||
| ISBN: | 978-7-5143-4359-5 | |
| 000 | 01103nam0 22003131 450 | |
| 001 | 0115101257 | |
| 005 | 20170415101257.0 | |
| 010 | @a978-7-5143-4359-5@dCNY85.00 | |
| 100 | @a20160219d2016 em y0chiy50 ea | |
| 101 | 0 | @achi |
| 102 | @aCN@b110000 | |
| 105 | @aa z 000zy | |
| 106 | @ar | |
| 200 | 1 | @a国家救援@Aguo jia jiu yuan@e一切为了人民@f李海洋、李存葆主编 |
| 210 | @a北京@c现代出版社@d2016 | |
| 215 | @a357页@c照片@d23cm | |
| 300 | @a国家出版基金项目 | |
| 312 | @a封面英文题名:National rescue | |
| 330 | @a本书全景再现了我国最近10年间发生的重大灾害和重大突发事件,全面反映了中国共产党在重大自然灾害、重大突发事件发生时,从容镇定、运筹帷幄,领导全国人民共赴时艰,力挽狂澜的光辉历程。 | |
| 510 | 1 | @aNational rescue@zeng |
| 517 | 1 | @a一切为了人民@Ayi qie wei le ren min |
| 606 | 0 | @a报告文学@Abao gao wen xue@x作品集@y中国@z当代 |
| 606 | 0 | @a突发事件@Atu fa shi jian@x救援@y中国 |
| 690 | @aI253@v5 | |
| 690 | @aX4@v5 | |
| 701 | 0 | @a李海洋@Ali hai yang@4主编 |
| 701 | 0 | @a李存葆@Ali cun bao@4主编 |
| 801 | 0 | @aCN@bTANGWEI@c20170308 |
| 905 | @b0966015-7@dI253@e962@f3 | |
| 国家救援:一切为了人民/李海洋、李存葆主编.-北京:现代出版社,2016 |
| 357页:照片;23cm |
| 国家出版基金项目 |
| ISBN 978-7-5143-4359-5:CNY85.00 |
| 本书全景再现了我国最近10年间发生的重大灾害和重大突发事件,全面反映了中国共产党在重大自然灾害、重大突发事件发生时,从容镇定、运筹帷幄,领导全国人民共赴时艰,力挽狂澜的光辉历程。 |
| ● |
| 相关链接 |
|
|
|
|
正题名:国家救援
索取号:I253/962
 
预约/预借
| 序号 | 登录号 | 条形码 | 馆藏地/架位号 | 状态 | 备注 |
| 1 | 0966015 | 209660151 | 第一样本阅览室/ [索取号:I253/962] | 在馆 | |
| 2 | 0966016 | 209660160 | 第二借阅区/ [索取号:I253/962] | 在馆 | |
| 3 | 0966017 | 209660179 | 第二借阅区/ [索取号:I253/962] | 在馆 |